000 00637nam a22002057a 4500
005 20251108172925.0
008 250721s2004 xx 000 0 ara d
020 _a9953365644
082 1 4 _a956/ مطي
100 1 _aالمطيري، حاكم
245 1 0 _aالحرية أو الطوفان /
264 1 _aبيروت :
_bالمؤسسة العربية للدراسات و النشر،
_c2004.
300 _a324ص
490 0 _aفكر سياسة
650 1 7 _aالتاريخ الإسلامي
650 1 7 _aالأحكام السلطانية
650 1 7 _aالبلدان الإسلامية
942 _2ddc
_cBK
999 _c91923
_d91923